Think Python

Gespeichert in:
Bibliographische Detailangaben
1. Verfasser: Allen B. Downey
Format: Buch
Veröffentlicht: shroff
Schlagworte:
Tags: Tag hinzufügen
Keine Tags, Fügen Sie das erste Tag hinzu!

MARC

LEADER 00000nam a2200000Ia 4500
005 20260427112720.0
526 |b Data Science 
100 |a Allen B. Downey 
020 |a 9789352134755 
650 |a Programming 
526 |a Bachelors 
942 |c BK 
245 |a Think Python 
260 |b shroff 
999 |c 105  |d 105 
952 |0 0  |1 0  |4 0  |7 0  |8 2  |a BRISTOL  |b BRISTOL  |d 2026-04-22  |l 0  |p 000039  |r 2026-04-27 11:27:21  |w 2026-04-27  |y BK